000 01069cam a22002531i 4500
003 SA-RiAUC
005 20250704161611.0
008 250703s2007 su g 000 0 ara c
040 _aEG-CaDAJ
_bara
_cSA-RiAUC
_erda
082 0 4 _a251
090 _a251
_b ع و ا
100 1 _aعوامة، محمد،
_d1940-
_eمؤلف.
245 1 0 _aأثر الحديث الشريف في اختلاف الأئمة الفقهاء رضي الله عنهم ؛
_bويليه أدب الاختلاف في مسائل العلم والدين /
_cمحمد عوامة.
250 _aالطبعة الخامسة.
264 1 _aالمدينة المنورة :
_bدار اليسر للنشر،
_c2007
300 _a244 صفحة؛
_c24 سم.
336 _aنص
_btxt
_2rdacontent
_3كتاب
337 _aبدون وسيط
_bn
_2rdamedia
338 _aمجلد
_bnc
_2rdacarrier
650 7 _aالاختلاف (فقه إسلامي)
_2aucsh
740 0 2 _aأدب الاختلاف في مسائل العلم والدين.
942 _2ddc
_cBOOK
_n0
949 _aSA-JeALM
_d250703
_umohamedma123
_n1
999 _c9468
_d9468